Пути повышения качества образования в Российских условиях; Качество образования: технологии, экономика, законодательство

Dades bibliogràfiques
Parent link:Качество образования: технологии, экономика, законодательство.— 2005.— С. 5-9
Autor principal: Дульзон А. А. Альфред Андреевич
Idioma:rus
Publicat: 2005
Matèries:
Format: MixedMaterials Capítol de llibre
KOHA link:https://koha.lib.tpu.ru/cgi-bin/koha/opac-detail.pl?biblionumber=143124

MARC

LEADER 00000naa2a2200000 4500
001 143124
005 20240705161529.0
035 |a (RuTPU)RU\TPU\book\155092 
090 |a 143124 
100 |a 20080916d2005 k y0rusy50 ca 
101 0 |a rus 
102 |a RU 
200 1 |a Пути повышения качества образования в Российских условиях  |f А. А. Дульзон 
463 0 |0 (RuTPU)RU\TPU\book\117740  |y 5-86889-239-9  |t Качество образования: технологии, экономика, законодательство  |o материалы VII научно-методической конференции, 19-20 ноября 2004 г., Томск, Россия  |f Томский экономико-юридический институт; под ред. В. В. Тирского  |v С. 5-9  |d 2005  |p 264 с. 
610 1 |a образование 
610 1 |a качество 
610 1 |a университетское образование 
610 1 |a высшее образование 
610 1 |a системы 
610 1 |a подготовка специалистов 
610 1 |a труды учёных ТПУ 
700 1 |a Дульзон  |b А. А.  |c специалист в области техники высоких напряжений, управления проектами, управления персоналом  |c профессор Томского политехнического университета, доктор технических наук  |f 1937-2019  |g Альфред Андреевич  |3 (RuTPU)RU\TPU\pers\21958  |9 9277 
801 1 |a RU  |b 63413507  |c 20080916  |g PSBO 
801 2 |a RU  |b 63413507  |c 20160315  |g RCR 
942 |c BK